Deutsche Vereine die einen Europa-Pokal gewonnen haben - Sudden Death - Statistiken

Allgemein
  • Dieses Quiz wurde 224 mal gespielt
  • Das Durchschnittsergebnis liegt bei 7 aus 9
Answers on the Grid
Answers color-coded by a green-red scale on the quiz's grid according to % correct below.
1.FC Magdeburg
Alemannia Aachen
Bayer Leverkusen
Borussia Dortmund
Borussia Mönchengladbach
Dynamo Dresden
Eintracht Frankfurt
FC Bayern München
FC Schalke 04
Hamburger SV
Hertha BSC
RB Leipzig
SC Freiburg
TSV 1860 München
VFB Stuttgart
Werder Bremen
 
Antwortstatistiken
Antwort % Korrekt
FC Bayern München
93%
Borussia Dortmund
90%
Hamburger SV
85%
Eintracht Frankfurt
83%
Borussia Mönchengladbach
75%
FC Schalke 04
69%
Bayer Leverkusen
58%
Werder Bremen
55%
1.FC Magdeburg
53%
Keine übereinstimmenden Quizze gefunden
Verteilung der Resultate
Anzahl Personen mit jedem Resultat
Perzentil nach korrekt beantworteten Fragen
Ihre Resultats-Entwicklung
Sie haben dieses Quiz noch nicht gespielt